ბათუმის შოთა რუსთაველის სახელმწიფო უნივერსიტეტის ბიბლიოთეკა

ახალი და უახლესი თეორიული მიმდინარეობანი ეთნოლოგიაში XIX საუკუნის მეორე ნახევარსა და XX საუკუნეში = Новые и новейшие теоретические течения в этнологии во второй половине XIX-XX в. = New theoretical directions in ethnology in the second half of the 19 th - 20 th century : (ბიბ.ჩანაწერი № 40037)

000 -ლიდერი
ფიქსირებული სიგრძის საკონტროლო ველი 01990nam a2200277Ia 4500
001 - საკონტროლო ნომერი
საკონტროლო ველი 6643
003 - საკონტროლო ნომრის იდენტიფიკატორი
საკონტროლო ველი GE_BSU
005 - ბოლო ოპერაციის თარიღი და დრო
საკონტროლო ველი 20191209102941.0
008 - ფიქსირებული სიგრძის მონაცემთა ელემენტები - ზოგადი ინფორმაცია
ფიქსირებული სიგრძის საკონტროლო ველი 181216s2010||||ge |||||||||||||| ||geo||
020 ## - წიგნის საერთაშორისო სტანდარტული ნომერი
International Standard Book Number 9789941171512
040 ## - კატალოგიზაციის წყარო
Transcribing agency GE_BSU
041 ## - ენის კოდი
Language code of text/sound track or separate title geo
080 ## - უნივერსალური ათობითი კლასიფიკაციის ინდექსი
Universal Decimal Classification number 39(100) შ-19
100 ## - მთავარი ჩანაწერი - პიროვნების სახელი
Personal name შამილაძე, ვახტანგ
9 (RLIN) 1457
245 ## - ცნობა სათაურის შესახებ
Title ახალი და უახლესი თეორიული მიმდინარეობანი ეთნოლოგიაში XIX საუკუნის მეორე ნახევარსა და XX საუკუნეში = Новые и новейшие теоретические течения в этнологии во второй половине XIX-XX в. = New theoretical directions in ethnology in the second half of the 19 th - 20 th century :
Remainder of title პრიმორდიალიზმი, პასიონარიზმი, რაციონალურ-ინსტრუმენტალისტური ორიენტაცია, კონსტრუქტივიზმი : [მონოგრაფია] /
Statement of responsibility, etc ვახტანგ შამილაძე ; რედ. ელდარ ნადირაძე.
264 ## - წარმოების, გამოცემის, დისტრიბუციის და სხვა ცნობები
გამოცემის, წარმოების, დისტრიბუციის... ადგილი თბილისი :
გამოცემის, წარმოების, დისტრიბუციის... სახელწოდება უნივერსალი,
გამოცემის, წარმოების, დისტრიბუციის... თარიღი 2010.
300 ## - ფიზიკური აღწერა
Extent 83 გვ. ;
Other physical details 20 სმ.
500 ## - ზოგადი შენიშვნა
General note ტექსტი ქართ., რუს. და ინგლ.
504 ## - BIBLIOGRAPHY, ETC. NOTE
Bibliography, etc ბიბლიოგრ.: გვ. 79-82.
653 ## - INDEX TERM--UNCONTROLLED
Uncontrolled term ეთნოლოგია
653 ## - INDEX TERM--UNCONTROLLED
Uncontrolled term ეთნოსების ურთიერთობა
653 ## - INDEX TERM--UNCONTROLLED
Uncontrolled term ეთნოსთა წარმომავლობა
700 ## - ADDED ENTRY--PERSONAL NAME
Personal name ნადირაძე, ელდარ
Relator term რედაქტორი
9 (RLIN) 5722
710 ## - ADDED ENTRY--CORPORATE NAME
Corporate name or jurisdiction name as entry element შოთა რუსთაველის სახელმწ. უნ-ტი
Subordinate unit ნიკო ბერძენიშვილის ინ-ტი
9 (RLIN) 1821
942 ## - ADDED ENTRY ELEMENTS (KOHA)
Koha item type წიგნი
Source of classification or shelving scheme
ეგზემპლარები
ჩამოწერის სტატუსი დაკარგული ეგზემპლარის სტატუსი კლასიფიკაციის წყარო ან თაროზე გაწყობის სქემა დაზიანების სტატუსი არ გაიცემა მუდმივი მდებარეობა (დაცვის ადგილი) ამჟამინდელი ადგილსამყოფელი თაროზე განთავსების ადგილი შეძენის თარიღი სრული შენახვის შიფრი შტრიხკოდი ბოლო ოპერაციის თარიღი ეგზემპლარის მიმდევრობითი ნომერი (კეტერი?) ფასის ძალაში შესვლის თარიღი ეგზემპლარის სახეობა
          ბათუმის შოთა რუსთაველის სახელმწიფო უნივერსიტეტის მთავარი ბიბლიოთეკა ბათუმის შოთა რუსთაველის სახელმწიფო უნივერსიტეტის მთავარი ბიბლიოთეკა წიგნსაცავი 2018-12-17 39(100) შ-19 7003 2018-12-17 7003 2018-12-17 წიგნი